Privacy and Data Protection in the Digital Era (Record no. 1715261)

MARC details
000 -LEADER
fixed length control field 00406nam a2200157 4500
005 - DATE AND TIME OF LATEST TRANSACTION
control field 20260312153108.0
008 - FIXED-LENGTH DATA ELEMENTS--GENERAL INFORMATION
fixed length control field 260312b |||||||| |||| 00| 0 eng d
020 ## - INTERNATIONAL STANDARD BOOK NUMBER
International Standard Book Number 9788119121892
040 ## - CATALOGING SOURCE
Transcribing agency FLL
041 ## - LANGUAGE CODE
Source of code ENG
Language code of text/sound track or separate title ENG
084 ## - COLON CLASSIFICATION NUMBER
Classification number D65,8(B):(Z2) R4
245 ## - TITLE STATEMENT
Title Privacy and Data Protection in the Digital Era
700 ## - ADDED ENTRY--PERSONAL NAME
Personal name Vijender Kumar
700 ## - ADDED ENTRY--PERSONAL NAME
Personal name Pandey Himanshu
942 ## - ADDED ENTRY ELEMENTS (KOHA)
Source of classification or shelving scheme Colon Classification (CC)
Koha item type Textbook
700 ## - ADDED ENTRY--PERSONAL NAME
-- 539924
999 ## -
-- 1715261
-- 1715261

No items available.

Copyright @ Delhi University Library System